<?xml version="1.0" encoding="UTF-8"?>
<record
    xmlns:xsi="http://www.w3.org/2001/XMLSchema-instance"
    xsi:schemaLocation="http://www.loc.gov/MARC21/slim http://www.loc.gov/standards/marcxml/schema/MARC21slim.xsd"
    xmlns="http://www.loc.gov/MARC21/slim">

  <leader>00743nam a2200229Ia 4500</leader>
  <controlfield tag="005">20220318121113.0</controlfield>
  <controlfield tag="008">210716s2013    xx            000 0 und d</controlfield>
  <datafield tag="020" ind1=" " ind2=" ">
    <subfield code="a">9780198069843</subfield>
  </datafield>
  <datafield tag="040" ind1=" " ind2=" ">
    <subfield code="c">AIMIT LIBRARY</subfield>
  </datafield>
  <datafield tag="041" ind1=" " ind2=" ">
    <subfield code="a">eng</subfield>
  </datafield>
  <datafield tag="082" ind1=" " ind2=" ">
    <subfield code="a">658.84 </subfield>
    <subfield code="2">1</subfield>
    <subfield code="b">KULP</subfield>
  </datafield>
  <datafield tag="100" ind1=" " ind2=" ">
    <subfield code="a">Kulkarni, Parag.</subfield>
    <subfield code="9">24167</subfield>
  </datafield>
  <datafield tag="245" ind1=" " ind2=" ">
    <subfield code="a">E Business /</subfield>
    <subfield code="c">By Parag Kulkarni, Sunita Jahirabadkar and Pradip Chande.</subfield>
  </datafield>
  <datafield tag="250" ind1=" " ind2=" ">
    <subfield code="a">1st ed.</subfield>
  </datafield>
  <datafield tag="260" ind1=" " ind2=" ">
    <subfield code="a">New Delhi :</subfield>
    <subfield code="b">Oxford University Press ,</subfield>
    <subfield code="c">2013.</subfield>
  </datafield>
  <datafield tag="300" ind1=" " ind2=" ">
    <subfield code="a">Xviii, 452p. ;</subfield>
    <subfield code="c">24 cm.</subfield>
  </datafield>
  <datafield tag="650" ind1=" " ind2=" ">
    <subfield code="2">Design and development of a business website</subfield>
  </datafield>
  <datafield tag="650" ind1=" " ind2=" ">
    <subfield code="2">Evaluation and audit of e-business</subfield>
  </datafield>
  <datafield tag="700" ind1=" " ind2=" ">
    <subfield code="a">Jahirabadkar, Sunita.</subfield>
    <subfield code="9">24168</subfield>
  </datafield>
  <datafield tag="700" ind1=" " ind2=" ">
    <subfield code="a">Chande, Pradip.</subfield>
    <subfield code="9">24169</subfield>
  </datafield>
  <datafield tag="942" ind1=" " ind2=" ">
    <subfield code="2">ddc</subfield>
    <subfield code="c">BK</subfield>
    <subfield code="e">1st</subfield>
    <subfield code="k">658.84 KULP</subfield>
  </datafield>
  <datafield tag="999" ind1=" " ind2=" ">
    <subfield code="c">195199</subfield>
    <subfield code="d">195199</subfield>
  </datafield>
  <datafield tag="952" ind1=" " ind2=" ">
    <subfield code="0">0</subfield>
    <subfield code="1">0</subfield>
    <subfield code="2">ddc</subfield>
    <subfield code="4">0</subfield>
    <subfield code="7">0</subfield>
    <subfield code="8">MCA</subfield>
    <subfield code="a">AIMIT</subfield>
    <subfield code="b">AIMIT</subfield>
    <subfield code="e">Knowledge World</subfield>
    <subfield code="g">375.00</subfield>
    <subfield code="i">Bill no:218; Bill dt:2016-03-04</subfield>
    <subfield code="l">0</subfield>
    <subfield code="o">658.84 KULP</subfield>
    <subfield code="p">MCA14708</subfield>
    <subfield code="r">2025-07-21 00:00:00</subfield>
    <subfield code="v">281.25</subfield>
    <subfield code="w">2021-07-16</subfield>
    <subfield code="y">BK</subfield>
  </datafield>
  <datafield tag="952" ind1=" " ind2=" ">
    <subfield code="0">0</subfield>
    <subfield code="1">0</subfield>
    <subfield code="2">ddc</subfield>
    <subfield code="4">0</subfield>
    <subfield code="7">0</subfield>
    <subfield code="8">MBA</subfield>
    <subfield code="a">AIMIT</subfield>
    <subfield code="b">AIMIT</subfield>
    <subfield code="d">2012-11-23</subfield>
    <subfield code="g">345.00</subfield>
    <subfield code="i">Bill no:861; Bill dt:2012-11-26</subfield>
    <subfield code="l">0</subfield>
    <subfield code="o">658.84 KULP</subfield>
    <subfield code="p">MBA10268</subfield>
    <subfield code="r">2025-07-21 00:00:00</subfield>
    <subfield code="v">258.75</subfield>
    <subfield code="w">2021-07-16</subfield>
    <subfield code="y">BK</subfield>
  </datafield>
  <datafield tag="952" ind1=" " ind2=" ">
    <subfield code="0">0</subfield>
    <subfield code="1">0</subfield>
    <subfield code="2">ddc</subfield>
    <subfield code="4">0</subfield>
    <subfield code="7">0</subfield>
    <subfield code="8">MBA</subfield>
    <subfield code="a">AIMIT</subfield>
    <subfield code="b">AIMIT</subfield>
    <subfield code="d">2012-11-23</subfield>
    <subfield code="g">345.00</subfield>
    <subfield code="i">Bill no:861; Bill dt:2012-11-26</subfield>
    <subfield code="l">0</subfield>
    <subfield code="o">658.84 KULP</subfield>
    <subfield code="p">MBA10269</subfield>
    <subfield code="r">2025-07-21 00:00:00</subfield>
    <subfield code="v">258.75</subfield>
    <subfield code="w">2021-07-16</subfield>
    <subfield code="y">BK</subfield>
  </datafield>
  <datafield tag="952" ind1=" " ind2=" ">
    <subfield code="0">0</subfield>
    <subfield code="1">0</subfield>
    <subfield code="2">ddc</subfield>
    <subfield code="4">0</subfield>
    <subfield code="7">0</subfield>
    <subfield code="8">MBA</subfield>
    <subfield code="a">AIMIT</subfield>
    <subfield code="b">AIMIT</subfield>
    <subfield code="d">2012-11-23</subfield>
    <subfield code="g">345.00</subfield>
    <subfield code="i">Bill no:861; Bill dt:2012-11-26</subfield>
    <subfield code="l">0</subfield>
    <subfield code="o">658.84 KULP</subfield>
    <subfield code="p">MBA10270</subfield>
    <subfield code="r">2025-07-21 00:00:00</subfield>
    <subfield code="v">258.75</subfield>
    <subfield code="w">2021-07-16</subfield>
    <subfield code="y">BK</subfield>
  </datafield>
  <datafield tag="952" ind1=" " ind2=" ">
    <subfield code="0">0</subfield>
    <subfield code="1">0</subfield>
    <subfield code="2">ddc</subfield>
    <subfield code="4">0</subfield>
    <subfield code="7">0</subfield>
    <subfield code="8">MBA</subfield>
    <subfield code="a">AIMIT</subfield>
    <subfield code="b">AIMIT</subfield>
    <subfield code="d">2012-11-23</subfield>
    <subfield code="g">345.00</subfield>
    <subfield code="i">Bill no:861; Bill dt:2012-11-26</subfield>
    <subfield code="l">0</subfield>
    <subfield code="o">658.84 KULP</subfield>
    <subfield code="p">MBA10271</subfield>
    <subfield code="r">2025-07-21 00:00:00</subfield>
    <subfield code="v">258.75</subfield>
    <subfield code="w">2021-07-16</subfield>
    <subfield code="y">BK</subfield>
  </datafield>
  <datafield tag="952" ind1=" " ind2=" ">
    <subfield code="0">0</subfield>
    <subfield code="1">0</subfield>
    <subfield code="2">ddc</subfield>
    <subfield code="4">0</subfield>
    <subfield code="7">0</subfield>
    <subfield code="8">MBA</subfield>
    <subfield code="a">AIMIT</subfield>
    <subfield code="b">AIMIT</subfield>
    <subfield code="d">2012-11-23</subfield>
    <subfield code="g">345.00</subfield>
    <subfield code="i">Bill no:861; Bill dt:2012-11-26</subfield>
    <subfield code="l">0</subfield>
    <subfield code="o">658.84 KULP</subfield>
    <subfield code="p">MBA10272</subfield>
    <subfield code="r">2025-07-21 00:00:00</subfield>
    <subfield code="v">258.75</subfield>
    <subfield code="w">2021-07-16</subfield>
    <subfield code="y">BK</subfield>
  </datafield>
</record>
